LEADER 01006nam a2200217 i 4500 001 000000174015 003 CaOOAMICUS 005 20081002000000.0 008 081002s1986 it u000 u ita u 013 $a151471 040 $aSeMil$bita 100 1 $aBassini, Franco Fusar.$0(OLS)http://semarc/name/64997 245 10$aQuesto insoffribile Amore :$bla beata Maria Maddalena Martinengo clarissa cappuccina (1687-1737) /$cFranco Fusar Bassini cappuccino. 260 $aGorle :$bVelar,$cstampa 1986. 300 $aIII, 133 p., [3] p. di tav. :$bill. ;$c22 cm. 600 14$aMartinengo, Maria Maddalena .$0(OLS)http://semarc/subject/45017 850 $aSeMil 852 $aSeMil$W1$xVenegono$y1$m3H IV 366$j124860$B124860$CSeMilBibl$Z2$F138188 $81 961 $aOmaggio: Altro 996 $6245$aQuesto insoffribile Amore :$bla beata Maria Maddalena Martinengo clarissa cappuccina (1687-1737)$9(OLS)http://semarc/title/249379 996 $6260$aGorle :$bVelar$9(OLS)http://semarc/publisher/33489 LEADER 01272nam a2200289 i 4500 001 000000090553 003 CaOOAMICUS 005 20151124000000.0 008 151124s1991 it u000 u ita u 013 $a62795 020 $a88-211-6881-6 040 $aSeMil$bita 100 1 $aRavera, Silvio.$0(OLS)http://semarc/name/40672 245 10$aProfeti a confronto :$bDon Primo Mazzolari e Padre Pierre Teilhard de Chardin /$cSilvio Ravera. 260 $aGenova :$bMarietti,$ccopyr. 1991. 300 $a214 p. ;$c21 cm. 490 0 $aTerzomillennio ;$v31 500 $aContiene : Cenni biografici. 600 14$aMazzolari, Primo .$0(OLS)http://semarc/subject/5511 600 14$aTeilhard de Chardin, Pierre .$0(OLS)http://semarc/subject/2657 830 0$aTerzomillennio ;$v31.$0(OLS)http://semarc/title/6574 850 $aSeMil 852 $aSeMil$W1$xVenegono$y1$m3C III 86$j53521$B53521$CSeMilBibl$Z2$F58154 $81 961 $aOmaggio: Martinelli don Romano 996 $6020$a88-211-6881-6$9(OLS)http://semarc/number/70561 996 $6245$aProfeti a confronto :$bDon Primo Mazzolari e Padre Pierre Teilhard de Chardin$9(OLS)http://semarc/title/136539 996 $6260$aGenova :$bMarietti$9(OLS)http://semarc/publisher/29997